Formes de relief par image - Statistiques

Statistiques générales
  • Ce quiz a été pris 7 fois
  • Le résultat moyen est 3 sur 19
Statistiques - réponses
Par images Réponse % Correct
Cheminée de fée
75%
Regs
75%
Ergs
50%
Chott
25%
Inselberg
25%
Rochers-Champignons
25%
Aklés
0%
Barkhanes
0%
Dreikanter
0%
Dune étoile
0%
Ghourds
0%
Hamadas
0%
Kaluts
0%
Nebka
0%
Pédiplaine
0%
Sebkhas
0%
Silk (slouk au pluriel)
0%
Tassili
0%
Yardangs
0%
Aucun quiz correspondant
Distribution des résultats
% des personnes avec chaque résultat
Percentile par nombre de réponses
Votre historique - résultats
Vous n’avez pas pris ce quiz